000 00297nam a22001337a 4500
020 _a817573878-2
082 _a920
_bDUA/K
100 _aDUA,SHYAM
245 _aTHE LUMNINOUS LIFE OF KARL MARX
260 _aDELHI
_bTINY TOT PUBLICATION
300 _a96
650 _aBIOGRAPHY
_zDELHI
942 _cBK
999 _c5960
_d5960